[Event "Martinique-ch op-A 31th"]
[Site "Madiana"]
[Date "2015.05.10"]
[Round "3"]
[White "Grossmann, Brunelle"]
[Black "Bourgeois, Patrice"]
[Result "1-0"]
[WhiteElo "1478"]
[BlackElo "1507"]
[PlyCount "83"]
[EventDate "2015.05.10"]
[EventType "swiss"]
[EventRounds "7"]
[EventCountry "FRA"]
[SourceTitle "EXT 2016"]
[Source "ChessBase"]
[SourceDate "2015.10.08"]
[SourceVersion "1"]
[SourceVersionDate "2015.10.08"]
[SourceQuality "1"]

1. d4 d5 2. Nf3 Nf6 3. c4 Bg4 4. e3 Nc6 5. Be2 e6 6. a3 Be7 7. Nc3 0-0 8. cxd5 Nxd5 9. 0-0 a6 10. Bd2 Nf6 11. Rc1 Bd6 12. h3 Bf5 13. Nh4 Qe7 14. Nxf5 exf5 15. Bf3 Qd7 16. Qa4 b5 17. Qc2 Rab8 18. Bxc6 Qxc6 19. Qxf5 b4 20. axb4 g6 21. Qd3 Qb7 22. Ra1 Ra8 23. Rfc1 Bxb4 24. Na4 Bd6 25. Qc2 Ne4 26. Nc3 Ng5 27. e4 Ne6 28. Be3 Rfc8 29. Rab1 c5 30. d5 Nd4 31. Qd1 Be5 32. f4 Bf6 33. Na4 Qb4 34. b3 Qb5 35. Kh2 Rab8 36. e5 Bxe5 37. fxe5 Nxb3 38. Nxc5 Nxc1 39. Rxb5 Rxb5 40. Qxc1 a5 41. Qa3 Kf8 42. Nb7+ 1-0